| 000 | 00392nam a2200097Ia 4500 | ||
|---|---|---|---|
| 008 | 180130s9999 xx 000 0 und d | ||
| 245 |
_cDe Ruiter, Corine _aThe forensic-clinical psychologist as expert in criminal court |
||
| 260 | _c2015 | ||
| 300 | _aBook title: Forensic psychological assessment in practice : case studies--Acession number C20214; pages 1 - 18 | ||
| 650 | _aFORENSIC PSYCHIATRY | ||
| 999 |
_c353866 _d353866 |
||